|
|
|
|
| LEADER |
00000nab a2200000 a 4500 |
| 001 |
vtls000714009 |
| 003 |
SK-MaSNL |
| 005 |
20260304143334.0 |
| 008 |
250505c1999 xo 0 slo |
| 015 |
|
|
|a SNBRB2000/02-05986
|
| 035 |
|
|
|a CLN000066176
|
| 035 |
|
|
|a urn:nbn:sk:snk-ab6rb4
|
| 035 |
|
|
|a (uuid)3317a22e-c077-4561-a565-a07277503803
|
| 035 |
|
|
|a (urnnbn)urn:nbn:sk:snk:ar-a05glt
|
| 035 |
|
|
|a (sysno)vtls000714009
|
| 040 |
|
|
|a SNKBUCL
|b slo
|c SNKBUCL
|e AACR2
|
| 041 |
0 |
|
|a slo
|
| 044 |
|
|
|a xo
|c SK
|
| 080 |
|
|
|a 330.101.541(048)
|2 1997
|
| 080 |
|
|
|a 330.35(048)
|2 1997
|
| 100 |
1 |
|
|a Martincová, Marta,
|d 1955-
|4 aut
|9 216183
|
| 245 |
1 |
0 |
|a Lisý, Ján: Výkonnosť ekonomiky a ekonomický rast
|c Marta Martincová
|
| 650 |
0 |
7 |
|a makroekonómia
|x príručky
|x recenzie
|2 snkbucl
|9 1462807
|
| 650 |
0 |
7 |
|a ekonomika
|x výkonnosť
|2 snkbucl
|9 1128248
|
| 650 |
0 |
7 |
|a ekonomický rast
|2 SNKPH
|9 2146
|
| 655 |
|
7 |
|a články z novín a časopisov
|2 snkbucl
|9 267496
|
| 773 |
0 |
|
|t Ekonomický časopis
|g Roč. 47, č. 3 (1999), s. 486-489
|x 0013-3035
|
| 787 |
0 |
8 |
|i Rec.:
|a Lisý, Ján
|t Výkonnosť ekonomiky a ekonomický rast
|d Bratislava : IURA EDITION, 1999
|z 8088715555
|
| 850 |
|
|
|a Slovenská národná knižnica
|
| 852 |
|
|
|a Slovenská národná knižnica
|
| 954 |
|
|
|a odborná, vedecká literatúra pôvodná (slovenská)
|2 lita
|
| 958 |
|
|
|a article27
|
| 958 |
|
|
|a OND
|
| 958 |
|
|
|a EUIPO
|
| 992 |
|
|
|a RBX
|
| 999 |
|
|
|c 2924913
|d 2926843
|